000 00403nam a2200145Ia 4500
008 100415s9999 xx 000 0 und d
082 _b10429
_a598.2
100 _aClements James
245 _aBirds of the world : a checklist
260 _aNEW YORK
_c1981
_bFACTS ON FILE
365 _b0
630 _aBirds of the world : a checklist
730 _aBirds of the world : a checklist
942 _cBOOK
999 _c593358
_d593355